00478nam a2200169Ia 450000500170000000800410001702000150005808200130007310000140008624500140010026000540011430000120016865000120018094200060019295200950019899900150029320250701172052.0240331s9999 xx 000 0 und d a9558570192 bMATa800 aMathota,T 0aSidhartha aNugegodabSanhinda Printing and Publicationc2003 a96 p ., aBuddism cL 001040708LaWERCLbWERCLcSSCd2024-03-31l0o 800 MATp5465r2024-03-31w2024-03-31yL c5171d5171